Organizácia a riadenie BOZP v podmienkach Divízie železničných koľajových vozidiel ŽSR : Záverečná práca

Na minha lista:
Detalhes bibliográficos
Autor principal: Jasenický, Štefan (Author)
Outros Autores: Koreň, Jozef, 1950- (xxx)
Formato: Manuscrito Livro
Idioma:eslovaco
Publicado em: Trnava : STU v Bratislave MtF KPE, 2001
Assuntos:
Tags: Adicionar Tag
Sem tags, seja o primeiro a adicionar uma tag!

MARC

LEADER 00000ntm a22000003a 4500
001 stu85801
005 20160719154824.9
008 040414s2001----xo------------------slo-d
040 |a STU  |b slo 
041 0 |a slo 
044 |a xo 
100 1 |a Jasenický, Štefan  |4 aut 
245 1 |a Organizácia a riadenie BOZP v podmienkach Divízie železničných koľajových vozidiel ŽSR :  |b Záverečná práca 
260 |a Trnava :  |b STU v Bratislave MtF KPE,  |c 2001 
300 |a 60 s 
650 7 |a priemyselná ekológia  |2 stusub 
650 7 |a bezpečnosť a ochrana zdravia pri práci  |2 stusub 
700 1 |a Koreň, Jozef,  |d 1950-  |4 xxx  |X 4395  |7 A000004395